000 00626nam a2200253Ia 4500
003 OSt
005 20221006155638.0
006 a|||||r|||| 00| 0
007 ta
008 221006b |||||||| |||| 00| 0 chi d
024 _a42,915
037 _cTextual
040 _aEASL
_cEASL
_bchi
041 _2chi
_achi
082 _aV41,8xM, K4
100 _aXie Changchi
_9669890
245 0 _aYuanduhu Riji
260 _aTaibei
_bTaiwan Xuesheng Shuju China
_c1964
300 _ap.
_ccm.
490 _v CCL
650 _aCCL
942 _hV41,8xM, K4
_cTEXL
_2CC
999 _c1111001
_d1111001